[Event "Krakow Winter op-B"]
[Site "Krakow"]
[Date "2022.01.18"]
[Round "6"]
[White "Biel, Maciej"]
[Black "Glaz, Michal"]
[Result "0-1"]
[WhiteElo "1453"]
[BlackElo "1268"]
[PlyCount "54"]
[EventDate "2022.01.15"]
[EventType "swiss"]
[EventRounds "9"]
[EventCountry "POL"]
[SourceTitle "CBM 206 Extra"]
[Source "ChessBase"]
[SourceDate "2022.03.31"]
[SourceVersion "1"]
[SourceVersionDate "2022.03.31"]
[SourceQuality "1"]

1. e4 c5 2. d3 Nc6 3. Nf3 g6 4. g3 d6 5. Bg2 e5 6. 0-0 Bg7 7. c3 Nge7 8. Re1 0-0 9. h3 h6 10. Be3 Kh7 11. d4 exd4 12. cxd4 d5 13. e5 cxd4 14. Bxd4 Nxd4 15. Nxd4 Nc6 16. Nxc6 bxc6 17. Qc2 Qc7 18. Bxd5 Qa5 19. Nd2 Qxd5 20. Nc4 Bxh3 21. f4 Qc5+ 22. Kh2 Be6 23. b3 Bxc4 24. bxc4 f6 25. exf6 Bxf6 26. Re6 Qh5+ 27. Kg2 Bxa1 0-1

[Event "Krakow Winter op-B"]
[Site "Krakow"]
[Date "2022.01.17"]
[Round "5"]
[White "Glaz, Michal"]
[Black "Mazonik, Oliwier"]
[Result "1-0"]
[WhiteElo "1268"]
[BlackElo "1372"]
[PlyCount "95"]
[EventDate "2022.01.15"]
[EventType "swiss"]
[EventRounds "9"]
[EventCountry "POL"]
[SourceTitle "CBM 206 Extra"]
[Source "ChessBase"]
[SourceDate "2022.03.31"]
[SourceVersion "1"]
[SourceVersionDate "2022.03.31"]
[SourceQuality "1"]

1. e4 e6 2. d4 d5 3. Nc3 Bb4 4. e5 c5 5. Bd2 cxd4 6. Nb5 Be7 7. Qg4 Kf8 8. Nf3 a6 9. Nbxd4 Nc6 10. Qf4 h5 11. Bd3 Nxd4 12. Qxd4 Nh6 13. h3 Nf5 14. Bxf5 exf5 15. 0-0-0 Be6 16. g4 Rc8 17. Bb4 a5 18. Bxe7+ Qxe7 19. gxh5 Rxh5 20. Qb6 Qc5 21. Qxc5+ Rxc5 22. Nd4 b6 23. f4 Rh4 24. Rdf1 b5 25. Kd2 a4 26. b3 axb3 27. axb3 b4 28. Ne2 Bd7 29. Rf3 g5 30. fxg5 d4 31. Rf4 Rxf4 32. Nxf4 Bc6 33. Re1 Be4 34. Nd3 Rc3 35. Rb1 Kg7 36. h4 Bxd3 37. cxd3 Kg6 38. Ra1 Rxb3 39. Ra6+ Kh5 40. Rf6 Kxh4 41. Rxf7 Kxg5 42. e6 Rb2+ 43. Kd1 Rb1+ 44. Ke2 Rb2+ 45. Kd1 Rb3 46. Kd2 Kg6 47. Rf8 Rb2+ 48. Kd1 1-0

[Event "POL-chT U20 2nd League"]
[Site "Sypniewo"]
[Date "2020.??.??"]
[Round "6.52"]
[White "Glaz, Michal"]
[Black "Nowakowski, Maksymilian"]
[Result "0-1"]
[WhiteElo "1180"]
[BlackElo "1113"]
[PlyCount "112"]
[EventDate "2020.10.23"]
[EventType "team-swiss"]
[EventRounds "9"]
[EventCountry "POL"]
[SourceTitle "CBM 199 Extra"]
[Source "ChessBase"]
[SourceDate "2021.01.31"]
[SourceVersion "1"]
[SourceVersionDate "2021.01.31"]
[SourceQuality "1"]

1. e4 e6 2. d4 d5 3. Bd3 c5 4. c3 cxd4 5. cxd4 Nc6 6. Be3 Qb6 7. Qc2 Nb4 8. Qd1 Nxd3+ 9. Qxd3 Qxb2 10. Qb3 Qxa1 11. Ne2 Ba3 12. 0-0 Qb2 13. Qxa3 Qxa3 14. Nxa3 Bd7 15. exd5 exd5 16. Nc3 Ne7 17. Rb1 Bc6 18. h3 0-0 19. Nc2 Rfe8 20. Nb4 a5 21. Nxc6 bxc6 22. Na4 Rab8 23. Rc1 h6 24. Nc5 Nf5 25. Rc3 Rb1+ 26. Kh2 Re1 27. Ra3 Ra8 28. Nb7 Nxe3 29. fxe3 Rb1 30. Rxa5 Rxa5 31. Nxa5 Rb2 32. Nxc6 Rxa2 33. Ne7+ Kf8 34. Nxd5 f5 35. Kg3 Kf7 36. Kf3 g5 37. g4 Ra5 38. Nb6 Rb5 39. Nc4 Ke6 40. gxf5+ Rxf5+ 41. Ke4 h5 42. Ne5 Rf8 43. d5+ Kd6 44. Kd4 Rf5 45. Nc4+ Ke7 46. e4 Rf1 47. e5 Rf4+ 48. Kc5 g4 49. d6+ Ke8 50. Nb6 gxh3 51. Kc6 h2 52. Kc7 Rf7+ 53. d7+ Rxd7+ 54. Nxd7 h1Q 55. Nf6+ Ke7 56. Nd5+ Qxd5 0-1

[Event "POL-chT U20 2nd League"]
[Site "Sypniewo"]
[Date "2020.??.??"]
[Round "4.52"]
[White "Kacki, Stanislaw"]
[Black "Glaz, Michal"]
[Result "1/2-1/2"]
[WhiteElo "1080"]
[BlackElo "1180"]
[PlyCount "64"]
[EventDate "2020.10.23"]
[EventType "team-swiss"]
[EventRounds "9"]
[EventCountry "POL"]
[SourceTitle "CBM 199 Extra"]
[Source "ChessBase"]
[SourceDate "2021.01.31"]
[SourceVersion "1"]
[SourceVersionDate "2021.01.31"]
[SourceQuality "1"]

1. d4 Nf6 2. Bf4 e6 3. e3 Be7 4. Nf3 b6 5. Bd3 Bb7 6. Nbd2 Nc6 7. 0-0 0-0 8. c3 a5 9. a4 d6 10. Qc2 Re8 11. e4 h6 12. Nc4 Bf8 13. e5 dxe5 14. Ncxe5 Nxe5 15. Bxe5 Bd6 16. Rfe1 Ng4 17. Bxd6 Qxd6 18. Be4 Bxe4 19. Qxe4 Nf6 20. Qc2 c5 21. Rad1 cxd4 22. Rxd4 Qc7 23. Qe2 Rad8 24. Red1 Rxd4 25. Rxd4 Rd8 26. Qd3 Rxd4 27. Qxd4 Qc6 28. Ne5 Qc7 29. h3 Nd5 30. c4 Nf6 31. b3 Kh7 32. Nd3 Nd7 1/2-1/2